| 000 | 00435nab a2200145 4500 | ||
|---|---|---|---|
| 003 | ES-SlBCS | ||
| 005 | 20210327231218.0 | ||
| 008 | 150604s2015 sp ||||| |||| 00| 0 spa d | ||
| 040 |
_aES-SlBCS _bspa |
||
| 100 | 1 |
_aTracey, Kevin J. _9408488 |
|
| 245 | 1 | 0 |
_aMedicina bioelectrónica _cKevin J. Tracey |
| 650 | 0 | 4 |
_aMedicina _914377 |
| 773 | 0 |
_gNº 465, 2015, págs. 14-21 _tInvestigación y Ciencia _wRev1650 _x0210-136X |
|
| 942 |
_2lcc _cAR |
||
| 999 |
_c852571 _d852571 |
||